000 01059cam a22002895a 4500
001 18675420
005 20170104104639.0
008 150626t2014 maua frb 001 0 eng d
020 _a9780123979490
020 _a0123979498
040 _aUKMGB
_beng
_cUKMGB
_dCUV
_dYDXCP
_dOCLCO
_dOCLCF
_dDLC
_dEG-ScBUE
082 0 4 _222
_a665.544
_bOFF
245 0 0 _aOffshore pipelines :
_bdesign, installation, and maintenance /
_cBoyun Guo ... [et al.]
250 _a2nd ed.
260 _aWaltham ;
_aOxford :
_bGulf Professional Publishing / Elsevier,
_cc.2014.
300 _axiv, 384 p. :
_bill. ;
_c25 cm.
504 _aIncludes bibliographical references and index.
650 0 _aPetroleum pipelines
_xDesign and construction.
_2BUEsh
650 0 _aGas pipelines
_xDesign and construction.
_2BUEsh
650 0 _aOffshore structures.
_2BUEsh
_937846
650 0 _aPetroleum pipelines.
_2BUEsh
_94346
650 0 _aGas pipelines.
_2BUEsh
_94347
650 0 _aUnderwater pipelines.
_2BUEsh
_937845
653 _bENGPET
_cJanuary2017
700 1 _aGuo, Boyun.
942 _2ddc
999 _c23826
_d23798